P. Ovidii Nasonis Amatoria Heroidum Epistolae. Auli Sabini, ut creditur, epistolae tres. Elegiarum libri tres. De arte amandi libri tres. De remedio amoris libri tres. In Ibin. Ad Liuiam, de morte Drusi. De nuce. De medicamine faciei. Recens Accessere Fragmenta quaedã ex Epigrãmatis Nasonis, Carmen ad Pisonem incerti autoris, elegantia tamen et eruditione iuxta nobile

Bibliographic Details
Main Author: Ovidius, 43 pred Kr.-asi 18 po Kr (Author)
Corporate Author: Petri, Heinrich (Bazilej, Švajčiarsko) (Printer)
Other Authors: Sabinus, Angelus (Author of introduction, etc.), Petri, Heinrich (Printer)
Format: Book
Language:Latin
PhysicalDescription:205[=206], [2] l. 8°
Published: (Basileae) (Ex Aedibvs Henrici Petri) (Mense Avgvsto. Anno M.D.XXXIIII.[=1534])
Subjects:

MARC

LEADER 00000nam a2200000 a 4500
001 vtls011746050
003 SK-MaSNL
005 20260301182938.0
008 200612t1534 sz 000 0 lat
015 |a SNBHFA1534 
035 |a E22827FF-E975-4904-938A-FFFE642E063B 
035 |a urn:nbn:sk:snk-am3ha7w 
035 |a urn:nbn:sk:snk-am00crfp 
040 |a SNKHF  |b slo  |c SNK  |e AACR2 
041 0 |a lat 
044 |a sz  |c CH 
072 7 |a 821  |x Literatúry v rôznych jazykoch  |2 konspekt 
080 |a 821(37/38)  |2 2001 
100 0 |a Ovidius,  |d 43 pred Kr.-asi 18 po Kr.  |4 aut  |9 183591 
245 1 0 |a P. Ovidii Nasonis Amatoria  |b Heroidum Epistolae. Auli Sabini, ut creditur, epistolae tres. Elegiarum libri tres. De arte amandi libri tres. De remedio amoris libri tres. In Ibin. Ad Liuiam, de morte Drusi. De nuce. De medicamine faciei. Recens Accessere Fragmenta quaedã ex Epigrãmatis Nasonis, Carmen ad Pisonem incerti autoris, elegantia tamen et eruditione iuxta nobile 
260 |a (Basileae)  |b (Ex Aedibvs Henrici Petri)  |c (Mense Avgvsto. Anno M.D.XXXIIII.[=1534]) 
300 |a 205[=206], [2] l.  |c 8° 
500 |a Signet, iniciálky s ornamentálnym a figurálnym pozadím v rámčeku na 6-7 r., titulný list v portálovom ráme s ornamentálnou a figurálnou výzdobou, čiastočne ručne kolorovaný, marginálie, kustody 
501 |a Príväzok 1. k: OVIDIUS NASO, Publius. Opera. Basileae : (Apvd Henricvm Petrvm), 1534. 8°.  |5 SNK ID 100208 
510 4 |a VD 16 O/1515 
550 |a Impresum prevzaté z kolofónu 
562 |a Rukopisné marginálie, podčiarkovania v texte.  |5 SNK ID 100208 
650 0 7 |a antická literatúra  |2 SNKPH  |9 92203 
700 1 |a Sabinus, Angelus  |4 aui  |9 557536 
700 1 |a Petri, Heinrich  |4 prt  |9 348127 
710 2 |a Petri, Heinrich (Bazilej, Švajčiarsko)  |4 prt  |9 52934 
752 |a Švajčiarsko  |d Basel 
852 |a SNK  |b Zaiova knižnica: Zay M 6015, prív. 1  |p ID 100208/prív.1 
958 |a ONDV 
999 |c 855288  |d 857218 
952 |t Zay 6015, prív. 1  |a SNK  |b SNK  |c SNK_HF  |y PREZ  |7 0  |p 17A1299996  |o snkID 100208/prív.1  |i snk2018/6324  |8 5  |0 0  |1 0  |4 0  |d 2018-03-13  |f 1  |l 0  |r 2026-02-24 04:54:36  |w 2026-02-24